00818cam a22002651 4500001001300000003000400013005001700017008004100034010001700075035002000092040001700112042001200129050002100141100005000162245005600212260006900268300002100337500004700358630003300405650003300438650002000471752002200491752002200513999001700535he 67000652 DLC20260227111445.0830616s1959 is 000 0 heb  ahe 67000652  a(OCoLC)19164263 aDLCcMHdDLC apremarc00aBS1225b.D3 19600 aDavid ben Mordecai,cof Tal'noye,d1808-1882.10aMagen Daṿid :b[derushim ... musarim ... remazim] a[Jerusalem] :b[Y. Ṭversḳi],c720 [1959 or 1960]c(Tel Aviv) a232 p. ;c25 cm. aPhoto-offset of Zhitomir, 1872 or 1873 ed.00aBible.pPentateuchvSermons. 0aJewish festival-day sermons. 0aJewish sermons. aUkrainedZhitomir aIsraeldJerusalem c32283d32283